<?xml version="1.0" encoding="UTF-8"?>
<record
    xmlns:xsi="http://www.w3.org/2001/XMLSchema-instance"
    xsi:schemaLocation="http://www.loc.gov/MARC21/slim http://www.loc.gov/standards/marcxml/schema/MARC21slim.xsd"
    xmlns="http://www.loc.gov/MARC21/slim">

  <leader>00624nab a2200205 uc4500</leader>
  <controlfield tag="001">613671</controlfield>
  <controlfield tag="005">20240201162237.0</controlfield>
  <controlfield tag="008">000811                             spa  </controlfield>
  <datafield tag="035" ind1=" " ind2=" ">
    <subfield code="a">613671</subfield>
  </datafield>
  <datafield tag="035" ind1=" " ind2=" ">
    <subfield code="a">(OCoLC)819839480</subfield>
  </datafield>
  <datafield tag="040" ind1=" " ind2=" ">
    <subfield code="c">comduadb</subfield>
  </datafield>
  <datafield tag="041" ind1=" " ind2=" ">
    <subfield code="a">spa</subfield>
  </datafield>
  <datafield tag="100" ind1="1" ind2="0">
    <subfield code="a">Thomas, R. S.</subfield>
    <subfield code="4">aut</subfield>
    <subfield code="e">aut</subfield>
    <subfield code="9">504439</subfield>
  </datafield>
  <datafield tag="245" ind1="1" ind2="0">
    <subfield code="a">Tendencias y otros poemas</subfield>
  </datafield>
  <datafield tag="650" ind1=" " ind2=" ">
    <subfield code="a">Thomas, R. S. Poemas</subfield>
    <subfield code="9">62087</subfield>
  </datafield>
  <datafield tag="650" ind1=" " ind2="7">
    <subfield code="a">Poetas ingleses</subfield>
    <subfield code="2">lemb</subfield>
    <subfield code="9">21825</subfield>
  </datafield>
  <datafield tag="700" ind1="1" ind2="0">
    <subfield code="a">Mallet, Brian</subfield>
    <subfield code="4">trl</subfield>
    <subfield code="e">trl</subfield>
    <subfield code="9">341473</subfield>
  </datafield>
  <datafield tag="773" ind1="0" ind2=" ">
    <subfield code="t">DesHora (Medell&#xED;n)</subfield>
    <subfield code="g">No. 05, Abr. 2000/Deshora (Medellin), p. 3-13</subfield>
    <subfield code="w">391732</subfield>
    <subfield code="x">0123-6113</subfield>
    <subfield code="0">117155</subfield>
  </datafield>
  <datafield tag="942" ind1=" " ind2=" ">
    <subfield code="c">ARIMP</subfield>
  </datafield>
  <datafield tag="999" ind1=" " ind2=" ">
    <subfield code="c">183899</subfield>
    <subfield code="d">183899</subfield>
  </datafield>
</record>
